000 00370nam a2200145Ia 4500
008 130318s9999 xx 000 0 und d
020 _a8120320956
082 _a004.22 MAN/D
100 _aMano, Morris M
245 _aDigital design
250 _a3
260 _bPrentice Hall of India
_aNew Delhi
_c2002
300 _a516
_e1 CD ROM(331
650 _aCOMPUTER ARCHITECTURE
999 _c1090
_d1090